书目信息 |
| 题名: |
无所畏惧
|
|
| 作者: | 罗德 著 ;罗小华 , 鞠岩峰 , 姜静 译 | |
| 分册: | ||
| 出版信息: | 北京 中国经济出版社 2010 |
|
| 页数: | 210页 | |
| 开本: | 25cm | |
| 丛书名: | ||
| 单 册: | ||
| 中图分类: | K837.127=52 , C933-49 | |
| 科图分类: | ||
| 主题词: | 领导学--通俗读物 | |
| 电子资源: | ||
| ISBN: | 978-7-5017-9251-1 | |
| 000 | 01233nam0 2200313 45 | |
| 001 | 1032979328 | |
| 005 | 20100409103933.28 | |
| 010 | @a978-7-5017-9251-1@dCNY36.00 | |
| 100 | @a20100331d2010 em y0chiy50 ea | |
| 101 | 1 | @achi@ceng |
| 102 | @aCN@b110000 | |
| 105 | @aa z 000yd | |
| 106 | @ar | |
| 200 | 1 | @a无所畏惧@AWu Suo Wei Ju@dNothing to fear@e坐在轮椅上转动世界的巨人@EZuo Zai Lun Yi Shang Zhuan Dong Shi Jie De Ju Ren@f(美)阿克尔·罗德(Alan Axelrod)著@F( Mei ) A Ke Er· Luo De (Alan Axelrod) Zhu@g罗小华,鞠岩峰,姜静译@zeng |
| 210 | @a北京@c中国经济出版社@d2010 | |
| 215 | @a210页@c照片@d25cm | |
| 330 | @a本书通过精选罗斯福的近百段精典语录,揭示其领导价值和领导力核心。 | |
| 510 | 1 | @aNothing to fear@zeng |
| 517 | 1 | @a坐在轮椅上转动世界的巨人@AZuo Zai Lun Yi Shang Zhuan Dong Shi Jie De Ju Ren |
| 600 | 1 | @a罗斯福@c(Roosevelt, Franklin Delano@f1882~1945)@x生平事迹 |
| 606 | 0 | @a领导学@j通俗读物 |
| 690 | @aK837.127=52@v4 | |
| 690 | @aC933-49@v4 | |
| 701 | 1 | @a罗德@ALuo De@g(Alan, Axelrod)@4著 |
| 702 | 0 | @a罗小华@ALuo Xiao Hua@c(翻译)@4译 |
| 702 | 0 | @a鞠岩峰@AJu Yan Feng@4译 |
| 702 | 0 | @a姜静@AJiang Jing@4译 |
| 801 | 0 | @aCN@bTANGWEI@c20100409 |
| 905 | @b0586991-95@dK837.127=52@e679@f5 | |
| 无所畏惧=Nothing to fear:坐在轮椅上转动世界的巨人/(美)阿克尔·罗德(Alan Axelrod)著/罗小华,鞠岩峰,姜静译.-北京:中国经济出版社,2010 |
| 210页:照片;25cm |
| ISBN 978-7-5017-9251-1:CNY36.00 |
| 本书通过精选罗斯福的近百段精典语录,揭示其领导价值和领导力核心。 |
| ● |
| 相关链接 |
|
|
|
|
正题名:无所畏惧
索取号:K837.127=52/679
 
预约/预借
| 序号 | 登录号 | 条形码 | 馆藏地/架位号 | 状态 | 备注 |
| 1 | 0586991 | 205869915 | 第二样本阅览室/ [索取号:K837.127=52/679] | 在馆 | |
| 2 | 0586992 | 205869924 | 第二借阅区/ [索取号:K837.127=52/679] | 在馆 | |
| 3 | 0586993 | 205869933 | 第二借阅区/ [索取号:K837.127=52/679] | 在馆 | |
| 4 | 0586994 | 205869942 | 第二借阅区/ [索取号:K837.127=52/679] | 在馆 | |
| 5 | 0586995 | 205869951 | 第二借阅区/ [索取号:K837.127=52/679] | 在馆 |